| 000 | 00000nam##2200000za#4500 |
| 001 | 9.624245 |
| 003 | CaOODSP |
| 005 | 20200327180204 |
| 007 | ta |
| 008 | 150406|1996||||xxc||||| f|0| 0 fre|d |
| 040 | |aCaOODSP|bfre |
| 043 | |an-cn--- |
| 086 | 1 |aFs97-6/2132F |
| 110 | 1 |aCanada. |bMinistère des pêches et des océans. |
| 245 | 10|aLes invertébrés des fonds meubles et la biogéographie du fjord du Saguenay / |cpar Lucie Bossé et al. |
| 260 | |aOttawa - Ontario : |bPêches et Océans Canada |c1996. |
| 300 | |a45p. : |bgraphiques, tableaux ; |c28 cm. |
| 490 | 1 |aRapport technique canadien des sciences halieutiques et aquatiques|v2132 |
| 500 | |aPréparé à la Division des invertébrés et de la biologie expérimentale, Ministère des Pêches et des océans, Institut Maurice-Lamontagne, C. P. 1000, 850, route de la Mer, Mont-Joli (Québec), G5H 3Z4 |
| 546 | |aAbstracts in English |
| 563 | |aCouverture souple |
| 590 | |a97-08|b1997-02-21 |
| 720 | 1 |aBossé, Lucie |
| 776 | 0#|tLes invertébrés des fonds meubles et la biogéographie du fjord du Saguenay / |w(CaOODSP)9.604027 |
| 830 | #0|aRapport technique canadien des sciences halieutiques et aquatiques ;|v2132|w(CaOODSP)9.513051 |